00413nam a22001457a 450000500170000000800410001702000150005804100130007308200130008610000120009924500420011126000580015330000300021165000260024120240619121826.0240619b |||||||| |||| 00| 0 eng d a0406010005 aEnglish  a349 LAW  lEnglish aThe All England Law Reports: Reprint  aLondon: bButterworth and Co. Publishers Ltd, c1992  bxvi, 992 pages; c25 cm.  aLegal practice bLaw